Harmless women / Rebecca Sharpe.
Available copies
- 2 of 2 copies available at LARL/NWRL Consortium.
Current holds
0 current holds with 2 total copies.
Show All Copies
| Location | Call Number / Copy Notes | Barcode | Shelving Location | Status | Due Date |
|---|---|---|---|---|---|
| Bagley Public Library | SHA (Text) | 33500014374920 | New | Available | - |
| Breckenridge Public Library | SHA (Text) | 33500014374938 | New | Available | - |
Record details
- ISBN: 9781250392367
- ISBN: 1250392365
- Physical Description: 376 pages ; 25 cm
- Edition: First edition.
- Publisher: New York : Minotaur Books, 2026.
Content descriptions
| Summary, etc.: | "Avalon Dale is a masterful grifter. She ... Read More |
Search for related items by subject
| Genre: | Thrillers (Fiction) Thrillers (Fiction) Novels. |
| LDR | 03763cam a22006858i 4500 | ||
|---|---|---|---|
| 001 | 482638 | ||
| 003 | LARL_NWRL_CONSORTIUM | ||
| 005 | 20260512152921.0 | ||
| 008 | 260203s2026 nyu e 000 1 eng | ||
| 007 | ta | ||
| 010 | . | ‡a 2026003862 | |
| 040 | . | ‡aDLC ‡beng ‡erda ‡cDLC ‡dIG# ‡dBDX ‡dOCLCO ‡dHBP ‡dOCLCO ‡dRNL ‡dOCLCO ‡dZGR ‡dVP@ ‡dINO ‡dOCLCO ‡dMLSOD ‡dMWD | |
| 019 | . | ‡a1535214738 | |
| 020 | . | ‡a9781250392367 ‡q(hardcover) | |
| 020 | . | ‡a1250392365 ‡q(hardcover) | |
| 020 | . | ‡z9781250392374 ‡q(ebook) | |
| 035 | . | ‡a(OCoLC)1570890294 ‡z(OCoLC)1535214738 | |
| 042 | . | ‡apcc | |
| 082 | 0 | 0. | ‡a813/.6 ‡223/eng/20260203 |
| 100 | 1 | . | ‡aSharpe, Rebecca ‡c(Novelist), ‡eauthor. ‡4aut ‡4http://id.loc.gov/vocabulary/relators/aut ‡1http://id.loc.gov/rwo/agents/n2026503855 |
| 245 | 1 | 0. | ‡aHarmless women / ‡cRebecca Sharpe. |
| 250 | . | ‡aFirst edition. | |
| 264 | 1. | ‡aNew York : ‡bMinotaur Books, ‡c2026. | |
| 300 | . | ‡a376 pages ; ‡c25 cm | |
| 334 | . | ‡asingle unit ‡bmono ‡0http://id.loc.gov/vocabulary/issuance/mono | |
| 336 | . | ‡atext ‡btxt ‡2rdacontent ‡0http://id.loc.gov/vocabulary/contentTypes/txt | |
| 337 | . | ‡aunmediated ‡bn ‡2rdamedia ‡0http://id.loc.gov/vocabulary/mediaTypes/n | |
| 338 | . | ‡avolume ‡bnc ‡2rdacarrier ‡0http://id.loc.gov/vocabulary/carriers/nc | |
| 520 | . | ‡a"Avalon Dale is a masterful grifter. She researches her victims thoroughly, kidnaps and sedates them, cleans out their bank accounts, and uses injections and hair clippers to change their appearance so that when they wake up, they can't easily prove who they are. For her last great score, Avalon's targeted Primrose Meath, and then she'll fade away to a life of ease and luxury--something she's dreamed of since a very tough childhood. On paper, Prim is the perfect target: wealthy, workaholic, and distracted by her cheating husband. But when Avalon finds Prim's husband dead, she can't escape so easily--not when she's been mistaken for Prim who's now wanted for murder. The two women--opposites, enemies--are suddenly on the run together, and must learn to get along, to depend on each other--in order to get away. And then, what starts as a cat-and-mouse run to the coast of England becomes a fight for their survival"-- Provided by publisher. | |
| 650 | 0. | ‡aMurder ‡vFiction. ‡0(LARL_NWRL_CONSORTIUM)165989 | |
| 650 | 0. | ‡aTheft ‡vFiction. ‡0(LARL_NWRL_CONSORTIUM)175563 | |
| 650 | 0. | ‡aIdentity theft ‡vFiction. ‡0(LARL_NWRL_CONSORTIUM)172475 | |
| 650 | 0. | ‡aKidnapping ‡vFiction. ‡0(LARL_NWRL_CONSORTIUM)165838 | |
| 650 | 0. | ‡aSwindlers and swindling ‡vFiction. ‡0(LARL_NWRL_CONSORTIUM)167282 | |
| 650 | 0. | ‡aFugitives from justice ‡vFiction. ‡0(LARL_NWRL_CONSORTIUM)164928 | |
| 650 | 0. | ‡aFemale friendship ‡vFiction. ‡0(LARL_NWRL_CONSORTIUM)164947 | |
| 651 | 0. | ‡aEngland ‡vFiction. | |
| 650 | 7. | ‡aHomicide ‡vFiction. ‡2sears | |
| 650 | 7. | ‡aTheft ‡vFiction. ‡2sears ‡0(LARL_NWRL_CONSORTIUM)175563 | |
| 650 | 7. | ‡aKidnapping ‡vFiction. ‡2sears ‡0(LARL_NWRL_CONSORTIUM)165838 | |
| 655 | 0. | ‡aThrillers (Fiction) | |
| 655 | 7. | ‡aThrillers (Fiction) ‡2lcgft | |
| 655 | 7. | ‡aNovels. ‡2lcgft | |
| 758 | . | ‡1http://id.loc.gov/resources/instances/in00024432668 | |
| 758 | . | ‡4http://id.loc.gov/ontologies/bibframe/instanceOf ‡1http://id.loc.gov/resources/works/in00024432668 | |
| 884 | . | ‡aDLC bibframe2marc v3.1-dev ‡g20260203 ‡qDLC ‡uhttps://github.com/lcnetdev/bibframe2marc/tree/v3.1-dev | |
| 901 | . | ‡a482638 ‡bOCoLC ‡c482638 ‡tbiblio ‡soclc | |

Add to basket
Permalink
Disable Highlighting